Интенсификация процессов биологического окисления углеводородов, загрязняющих почвы Западно - Сибирского региона; Неразрушающий контроль: электронное приборостроение, технологии, безопасность; Т. 2

Dades bibliogràfiques
Parent link:Неразрушающий контроль: электронное приборостроение, технологии, безопасность: сборник трудов IV Всероссийской научно-практической конференции студентов, аспирантов и молодых учёных, Томск, 26-30 мая 2014 г./ Национальный исследовательский Томский политехнический университет (ТПУ).— , 2014
Т. 2.— 2014.— [С. 109-113]
Autor principal: Бочкарева Ю. В.
Autor corporatiu: Национальный исследовательский Томский политехнический университет (ТПУ) Институт неразрушающего контроля (ИНК) Кафедра экологии и безопасности жизнедеятельности (ЭБЖ)
Altres autors: Галанова С. О. (научный руководитель), Ахмеджанов Р. Р. Рафик Равильевич
Sumari:Заглавие с титульного листа.
Idioma:rus
Publicat: 2014
Col·lecció:Экология и техносферная безопасность
Matèries:
Accés en línia:http://www.lib.tpu.ru/fulltext/c/2014/C36/V2/035.pdf
Format: MixedMaterials Electrònic Capítol de llibre
KOHA link:https://koha.lib.tpu.ru/cgi-bin/koha/opac-detail.pl?biblionumber=609364

MARC

LEADER 00000naa2a2200000 4500
001 609364
005 20231101132544.0
035 |a (RuTPU)RU\TPU\conf\6830 
035 |a RU\TPU\conf\6829 
090 |a 609364 
100 |a 20141111d2014 k y0rusy50 ca 
101 0 |a rus 
102 |a RU 
105 |a y z 101zy 
135 |a drcn ---uucaa 
181 0 |a i  
182 0 |a b 
200 1 |a Интенсификация процессов биологического окисления углеводородов, загрязняющих почвы Западно - Сибирского региона  |f Ю. В. Бочкарева, С. О. Галанова  |g науч. рук. Р. Р. Ахмеджанов 
203 |a Текст  |c электронный 
215 |a 1 файл (518 Кб) 
225 1 |a Экология и техносферная безопасность 
230 |a Электронные текстовые данные (1 файл : 518 Кб) 
300 |a Заглавие с титульного листа. 
320 |a [Библиогр.: с. 113 (6 назв.)] 
337 |a Adobe Reader 
461 1 |0 (RuTPU)RU\TPU\conf\6241  |t Неразрушающий контроль: электронное приборостроение, технологии, безопасность  |o сборник трудов IV Всероссийской научно-практической конференции студентов, аспирантов и молодых учёных, Томск, 26-30 мая 2014 г.  |o в 2 т.  |f Национальный исследовательский Томский политехнический университет (ТПУ)  |d 2014 
463 1 |0 (RuTPU)RU\TPU\conf\6244  |t Т. 2  |v [С. 109-113]  |d 2014 
610 1 |a труды учёных ТПУ 
610 1 |a электронный ресурс 
610 1 |a интенсификация 
610 1 |a биологическое окисление 
610 1 |a углеводород 
610 1 |a загрязненнае почва 
610 1 |a Западно - Сибирский регион 
700 1 |a Бочкарева  |b Ю. В. 
701 1 |a Галанова  |b С. О. 
702 1 |a Ахмеджанов  |b Р. Р.  |c специалист в области экологии и безопасности жизнедеятельности  |c профессор Томского политехнического университета, доктор биологических наук  |f 1964-  |g Рафик Равильевич  |2 stltpush  |4 727 
712 0 2 |a Национальный исследовательский Томский политехнический университет (ТПУ)  |b Институт неразрушающего контроля (ИНК)  |b Кафедра экологии и безопасности жизнедеятельности (ЭБЖ)  |h 4850  |2 stltpush  |3 (RuTPU)RU\TPU\col\18720 
801 1 |a RU  |b 63413507  |c 20090623  |g PSBO 
801 2 |a RU  |b 63413507  |c 20150120  |g PSBO 
856 4 |u http://www.lib.tpu.ru/fulltext/c/2014/C36/V2/035.pdf 
942 |c BK